<?xml version="1.0" encoding="UTF-8"?><?xml-stylesheet type="text/xsl" href="static/style.xsl"?><OAI-PMH xmlns="http://www.openarchives.org/OAI/2.0/" xmlns:xsi="http://www.w3.org/2001/XMLSchema-instance" xsi:schemaLocation="http://www.openarchives.org/OAI/2.0/ http://www.openarchives.org/OAI/2.0/OAI-PMH.xsd"><responseDate>2026-06-02T21:39:48Z</responseDate><request verb="GetRecord" identifier="oai:riuma.uma.es:10630/37280" metadataPrefix="marc">https://riuma.uma.es/rest/oai/request</request><GetRecord><record><header><identifier>oai:riuma.uma.es:10630/37280</identifier><datestamp>2026-02-03T10:48:45Z</datestamp><setSpec>com_10630_2254</setSpec><setSpec>col_10630_37953</setSpec></header><metadata><record xmlns="http://www.loc.gov/MARC21/slim" xmlns:dcterms="http://purl.org/dc/terms/" xmlns:doc="http://www.lyncode.com/xoai" xmlns:xsi="http://www.w3.org/2001/XMLSchema-instance" xsi:schemaLocation="http://www.loc.gov/MARC21/slim http://www.loc.gov/standards/marcxml/schema/MARC21slim.xsd">
   <leader>00925njm 22002777a 4500</leader>
   <datafield ind2=" " ind1=" " tag="042">
      <subfield code="a">dc</subfield>
   </datafield>
   <datafield ind2=" " ind1=" " tag="720">
      <subfield code="a">Fersini, María Pina</subfield>
      <subfield code="e">author</subfield>
   </datafield>
   <datafield ind2=" " ind1=" " tag="260">
      <subfield code="c">2020</subfield>
   </datafield>
   <datafield ind2=" " ind1=" " tag="520">
      <subfield code="a">En la obra de Kafka no hay figura más frecuente que la de un hombre doblado sobre si mismo, bajo el peso de fuerzas primitivas, al que Benjamin define el arquetipo de la deformidad. Partiendo de esta sugerente imagen benjaminiana y analizando el progresivo encorvamiento de las formas que afecta no sólo los protagonistas de la ficción kafkiana, sino también sus ambientes, este trabajo quiere ofrecer un lectura en clave estético-juridica de El proceso, la cual demuestre como detrás de la geometría curvilínea que estructura la novela se esconda una genealogía del derecho moderno distinta de aquella visible en el discurso jurídico oficial.</subfield>
   </datafield>
   <datafield ind1="8" ind2=" " tag="024">
      <subfield code="a">Fersini, Maria Pina (2020). “El hombrecillo jorobado. Distorsiones del cuerpo y del espacio en el universo jurídico kafkiano” en Revista de Ciencia de la Legislación, n. 7, pp. 1-21.</subfield>
   </datafield>
   <datafield ind1="8" ind2=" " tag="024">
      <subfield code="a">2545-8833</subfield>
   </datafield>
   <datafield ind1="8" ind2=" " tag="024">
      <subfield code="a">https://hdl.handle.net/10630/37280</subfield>
   </datafield>
   <datafield tag="653" ind2=" " ind1=" ">
      <subfield code="a">Derecho - Filosofía</subfield>
   </datafield>
   <datafield ind2="0" ind1="0" tag="245">
      <subfield code="a">"El hombrecillo jorobado". Distorsiones del cuerpo y del espacio en el universo jurídico kafkiano.</subfield>
   </datafield>
</record>
</metadata></record></GetRecord></OAI-PMH>